000
00352 a2200169 4500
001
183406
020
_a
85-16-02765-1
040
_c
Magnum
100
_a
Bandeira, Pedro
240
1
0
_a
O pequeno monstro
_l
por
245
1
0
_a
O pequeno monstro
300
_a
48
362
0
_a
2003
440
1
_a
Moderna
697
_a
LITERATURA INFANTO
942
_c
BK
999
_c
183406
_d
183406